First prefabricated system build standard announced (Record no. 117268)

MARC details
000 -LEADER
fixed length control field 01226cam a2200253 4500
001 - CONTROL NUMBER
control field WB4016-03
008 - FIXED-LENGTH DATA ELEMENTS--GENERAL INFORMATION
fixed length control field 040428n2004 000 0 eng u
035 ## - SYSTEM CONTROL NUMBER
System control number (Sirsi) u126052
245 ## - TITLE STATEMENT
Title First prefabricated system build standard announced
260 ## - PUBLICATION, DISTRIBUTION, ETC.
Date of publication, distribution, etc. 2004
490 ## - SERIES STATEMENT
Series statement BRE Certification Press Release
Volume/sequential designation 26 April 2004 (1)
520 ## - SUMMARY, ETC.
Summary, etc. BRE Certification has announced the first comprehensive certification standard applicable to prefabricated system build. "System build standard LPS 1272" will provide manufacturers of prefabricated building systems and sub-systems for housing with a recognised benchmark against which they can test and certify their products. The new standard applies to light steel frame systems, timber frame systems, structural insulated panel systems and pre-cast concrete frame systems. http://www.brecertification.co.uk/pdf/BRECert_Syst emBuildStd_.pdf
590 ## - LOCAL NOTE (RLIN)
Local note WB
590 ## - LOCAL NOTE (RLIN)
Local note WB
650 ## - SUBJECT ADDED ENTRY--TOPICAL TERM
Topical term or geographic name entry element PREFABRICATED HOUSING
650 ## - SUBJECT ADDED ENTRY--TOPICAL TERM
Topical term or geographic name entry element BENCHMARKING
650 ## - SUBJECT ADDED ENTRY--TOPICAL TERM
Topical term or geographic name entry element CERTIFICATION
650 ## - SUBJECT ADDED ENTRY--TOPICAL TERM
Topical term or geographic name entry element STEEL FRAMES
650 ## - SUBJECT ADDED ENTRY--TOPICAL TERM
Topical term or geographic name entry element TIMBER FRAMES
650 ## - SUBJECT ADDED ENTRY--TOPICAL TERM
Topical term or geographic name entry element SIP
650 ## - SUBJECT ADDED ENTRY--TOPICAL TERM
Topical term or geographic name entry element PRECAST CONCRETE FRAMED BUILDINGS
690 ## - LOCAL SUBJECT ADDED ENTRY--TOPICAL TERM (OCLC, RLIN)
Topical term or geographic name as entry element BUILDING AND CONSTRUCTION-REGULATION AND CONTROL
942 ## - ADDED ENTRY ELEMENTS (KOHA)
Suppress in OPAC 0
Holdings
Withdrawn status Lost status Source of classification or shelving scheme Damaged status Not for loan Home library Current library Shelving location Date acquired Total Checkouts Full call number Barcode Date last seen Copy number Price effective from Koha item type
    Dewey Decimal Classification     London London News article 28/04/2004   WB4016-03 126052-1001 06/08/2019 1 06/08/2019 News article